000 00712nam a22002177a 4500
005 20240502155932.0
010 _aENG-140263
020 _a9789381006757
_c400
035 _aEN-123795
037 _bDBAD
082 _a363.34
245 _aDisaster Management:
_bISSUES&CHALLENGES/
_cEdt. By S. Eswari; Yasodharan Suresh [and] Rajib Bhaduri
250 _aFirst
260 _aCHENNAI
_bSemmoodhai Pathippagam
_c2014
270 _aA3, Abirami Nivas, No.43, Valmiki Street, East Tambaram,
_bChennai
_e600059
300 _aX11,467p.
_c21cm(PB)
700 _aEswari, S.
_965511
700 _aSuresh, Yasodharan
_965512
700 _aBhaduri, Rajib
_965513
942 _2ddc
_cEN
_h363.34
_mDIS
999 _c202579
_d202579